000 01294cam a22003134a 4500
001 12288936
003 ARRUPE
005 20130925122838.0
008 010124s2001 nyua b 001 0beng
010 _a 2001017262
020 _a0231121024 (alk. paper)
040 _aDLC
_cDLC
_dDLC
041 1 _aeng
_hfre
042 _apcc
050 0 0 _aJC251.A74
_bK7513 2001
100 1 _aKristeva, Julia,
_d1941-
_91243
240 1 0 _aHannah Arendt.
_lEnglish
245 1 0 _aHannah Arendt /
_bby Julia Kristeva ; translated by Ross Guberman.
260 _aNew York :
_bColumbia University Press,
_cc2001.
300 _axxi, 291 p. :
_bill. ;
_c24 cm.
440 0 _aEuropean perspectives
_91244
500 _aTranslation of: Le génie féminin, t. 1, Hannah Arendt.
504 _aIncludes bibliographical references (p. [275]-280) and index.
600 1 0 _aArendt, Hannah,
_d1906-1975.
_91245
650 0 _aPolitical scientists
_vBiography.
_91246
906 _a7
_bcbc
_corignew
_d1
_eocip
_f20
_gy-gencatlg
942 _2lcc
_cMONOGRAPH
999 _c118040
_d118040